Statistics for Countries Starting with an A

Click here to take the quiz!

General Stats

  • This quiz has been taken 46 times
  • The average score is 10 of 11

Answer Stats

HintAnswer% Correct
EuropeAndorra
96%
South AmericaArgentina
96%
EuropeAustria
96%
OceaniaAustralia
93%
EuropeAlbania
91%
AfricaAngola
91%
AsiaAfghanistan
89%
North AmericaAntigua & Barbuda
89%
AfricaAlgeria
84%
AsiaArmenia
84%
AsiaAzerbaijan
84%

Score Distribution

Percentile by Number Answered

Percent of People with Each Score

Your Score History

You have not taken this quiz